000 00327nam a22001337a 4500
003 OSt
005 20160727222457.0
008 160705b xxu||||| |||| 00| 0 eng d
100 _92200
_a Bill, J.B
245 _aCruisin'& Choosin'
260 _aN.J
_b Fleming H. Revell
_c1989
300 _aCruisin'& Choosin'
942 _2ddc
_cBK
999 _c1890
_d1890